Countries that Start with D - Map Quiz - Statistics

General Stats
  • This quiz has been taken 123 times
  • The average score is 5 of 5
Answers on the Map
Answers color-coded by a green-red scale on the quiz's map according to % correct below.
 
Answer Stats
Country % Correct
Denmark
100%
Democratic Republic of the Congo
96%
Dominican Republic
95%
Dominica
93%
Djibouti
90%
No matching quizzes found
Score Distribution
Percent of People with Each Score
Percentile by Number Answered
Your Score History
You have not taken this quiz